Welcome to the Holygrace Academy Library

Please use search bar below to get started

THE ADVENTURES OF SUPPANDI (Record no. 5135)

MARC details
000 -LEADER
fixed length control field 00356nam a22001457a 4500
020 ## - INTERNATIONAL STANDARD BOOK NUMBER
ISBN 81-89999-00-1
082 ## - DEWEY DECIMAL CLASSIFICATION NUMBER
Classification number 823
Item number FER/A
100 ## - MAIN ENTRY--AUTHOR NAME
Personal name FERNANDES, LUIS
245 ## - TITLE STATEMENT
Title THE ADVENTURES OF SUPPANDI
260 ## - PUBLICATION, DISTRIBUTION, ETC. (IMPRINT)
Place of publication THANE
Name of publisher AMAR CHITHRA KATHA PVT.LTD
300 ## - PHYSICAL DESCRIPTION
Number of Pages 72
520 ## - SUMMARY, ETC.
Summary, etc ENGLISH SHORT STORIES
650 ## - SUBJECT ADDED ENTRY--TOPICAL TERM
Topical Term ENGLISH SHORT STORIES
Geographic subdivision THANE
942 ## - ADDED ENTRY ELEMENTS (KOHA)
Koha item type Books
Holdings
Withdrawn status Lost status Collection code Home library Current library Shelving location Date acquired Source of acquisition Cost, normal purchase price Full call number Accession Number Koha item type
    Fiction Main Library Main Library SHELF 3- I- ENGLISH CHILDRENS LITERATURE &MYTHOLOGY 06/12/2019 PURCHASE 125.00 823 FER/A 12182 Books
    Fiction Main Library Main Library SHELF 3- I- ENGLISH CHILDRENS LITERATURE &MYTHOLOGY 18/10/2011 PURCHASE 125.00 823 FER/A 06013 Books